[Event "Moscow Open 2009 B"]
[Site "www.moscowchessopen.ru"]
[Date "2009.02.02"]
[Round "3.41"]
[White "Bikuzhin, Vaksim"]
[Black "Gharagyozian, Artur"]
[Result "1-0"]
[WhiteElo "2145"]
[BlackElo "2233"]
[Annotator ""]
[Source ""]
[Remark ""]

1.d4 Nf6 2.c4 e6 3.Nf3 b6 4.a3 Bb7 5.Nc3 Be7 6.d5 d6 7.e4 e5
8.Bd3 O-O 9.O-O Nbd7 10.h3 Nc5 11.Bc2 a5 12.Be3 Ne8 13.b4 Nd7
14.Qd2 g6 15.Nh2 Bf6 16.Ng4 Bg7 17.Bh6 Bc8 18.Bxg7 Nxg7 19.f4
f5 20.exf5 gxf5 21.fxe5 axb4 22.axb4 Rxa1 23.Rxa1 fxg4 24.Qh6
Nf5 25.Bxf5 Rxf5 26.Qe6+ Rf7 27.Qxg4+ Rg7 28.Qe6+ Kh8 29.Ra8
Rg6 30.Qf5 Qg8 31.g4 dxe5 32.Ne4 Qd8 33.c5 bxc5 34.bxc5 Rg7 35.d6
c6 36.Nf6 Rf7 37.g5 e4 38.Qe6 Kg7 39.Nxh7 Nf8 40.Qh6+ Kh8 41.Nxf8+
Kg8 42.Ne6 Qd7 43.Rxc8+ Qxc8 44.Qg6+ Kh8 45.Qxf7 1-0

[Event "Moscow Open 2009 B"]
[Site "www.moscowchessopen.ru"]
[Date "2009.02.02"]
[Round "3.42"]
[White "Loginov, Anton"]
[Black "Semenychev, Alexandr"]
[Result "1-0"]
[WhiteElo "2232"]
[BlackElo "2080"]
[Annotator ""]
[Source ""]
[Remark ""]

1.d4 d5 2.c4 c6 3.Nf3 Nf6 4.e3 Bg4 5.Qb3 b6 6.Ne5 e6 7.Nc3 Bd6
8.Nxg4 Nxg4 9.Be2 h5 10.Bd2 Nd7 11.e4 dxe4 12.Nxe4 Ndf6 13.Nxd6+
Qxd6 14.h3 Nh6 15.Bb4 c5 16.dxc5 bxc5 17.Rd1 Qc7 18.Qa4+ Ke7
19.Ba5 Qe5 20.Bc3 Qe4 21.O-O Qf4 22.Bf3 Nhg4 23.Rfe1 Rac8 24.hxg4
hxg4 25.Be5 1-0

[Event "Moscow Open 2009 B"]
[Site "www.moscowchessopen.ru"]
[Date "2009.02.02"]
[Round "3.43"]
[White "Grishin, Alexander"]
[Black "Sakharov, Lev"]
[Result "1-0"]
[WhiteElo "2231"]
[BlackElo "2057"]
[Annotator ""]
[Source ""]
[Remark ""]

1.Nf3 c5 2.c4 b6 3.g3 Bb7 4.Bg2 Nf6 5.Nc3 e6 6.b3 Be7 7.Bb2 O-O
8.O-O d6 9.d4 cxd4 10.Qxd4 a6 11.e4 Qc7 12.Rac1 Nbd7 13.Rfe1
Rac8 14.Nd2 Rfe8 15.Nf1 Qb8 16.Ne3 Qa8 17.f3 d5 18.e5 Bc5 19.Qf4
Nxe5 20.Qxe5 d4 21.Na4 Nd7 22.Qf4 dxe3 23.Nxc5 Rxc5 24.Qxe3 f6
25.Rf1 a5 26.Rcd1 Rc7 27.Rd6 Kf7 28.Bh3 Nf8 29.Rxb6 Rc6 30.Rxc6
Bxc6 31.Ba3 Nd7 32.Bd6 f5 33.Kf2 Nf6 34.Re1 Qb7 35.Be5 Nd7 36.Bd4
Qa8 37.Qg5 g6 38.Qh4 e5 39.Qxh7+ Kf6 40.Qh4+ Kf7 41.Bxf5 gxf5
42.Qh5+ Kf6 43.Be3 Rg8 44.Rd1 Qf8 45.c5 Nxc5 46.Qh4+ Kg6 47.Qg5+
Kh7 48.Qh5+ Kg7 49.Bh6+ 1-0

[Event "Moscow Open 2009 B"]
[Site "www.moscowchessopen.ru"]
[Date "2009.02.02"]
[Round "3.44"]
[White "Kreines, Mikhail"]
[Black "Mikhailov, Alexander B."]
[Result "1/2-1/2"]
[WhiteElo "2041"]
[BlackElo "2227"]
[Annotator ""]
[Source ""]
[Remark ""]

1.e4 c5 2.Nf3 e6 3.g3 d5 4.exd5 exd5 5.d4 Nf6 6.Bg2 Be7 7.dxc5
Bxc5 8.O-O O-O 9.Nbd2 Nc6 10.Nb3 Be7 11.c3 Bg4 12.Qd3 Qd7 13.Nbd4
Nxd4 14.Qxd4 Bh3 15.Bf4 Bxg2 16.Kxg2 b6 17.Rad1 Rac8 18.Bg5 Rfd8
19.Ne5 Qf5 20.Qf4 Qxf4 21.Bxf4 h6 22.Kf3 b5 23.Be3 Bc5 24.Bxc5
Rxc5 25.Rd2 g6 26.Rfd1 Kg7 27.Ng4 Nxg4 28.Kxg4 Kf6 29.Rd4 Rc4
30.Kf3 Rxd4 31.Rxd4 Ke5 32.a4 a6 33.axb5 axb5 34.Rb4 Rb8 35.Ke3
Kd6 36.Kd4 f6 37.b3 Kc6 38.c4 dxc4 39.bxc4 Rd8+ 40.Ke3 Re8+ 41.Kf3
bxc4 42.Rxc4+ Kd5 43.Rc7 Rg8 1/2-1/2

[Event "Moscow Open 2009 B"]
[Site "www.moscowchessopen.ru"]
[Date "2009.02.02"]
[Round "3.45"]
[White "Tukhvatullin, Vladislav"]
[Black "Borisovsky, Viktor"]
[Result "1-0"]
[WhiteElo "2227"]
[BlackElo "2041"]
[Annotator ""]
[Source ""]
[Remark ""]

1.e4 c5 2.Nf3 d6 3.d4 cxd4 4.Nxd4 Nf6 5.Nc3 g6 6.g3 Bg7 7.Bg2
Nc6 8.Nde2 O-O 9.O-O Nd7 10.f4 f5 11.exf5 gxf5 12.Be3 Nb6 13.Qd2
e6 14.b3 d5 15.Rad1 Qe7 16.Rfe1 Qb4 17.a4 a6 18.Nd4 Nd7 19.Bf2
Nxd4 20.Bxd4 Qxd4+ 21.Qxd4 Bxd4+ 22.Rxd4 Nf6 23.Rb4 Rb8 24.Rb6
Kf7 25.Ne2 Nd7 26.Rb4 a5 27.Rb5 b6 28.Nd4 Nc5 29.Nc6 Ba6 30.Rxc5
bxc5 31.Nxb8 Rxb8 32.Kf2 Rb4 33.Rd1 Kf6 34.Ke3 Bb7 35.Bf1 d4+
36.Kd2 e5 37.fxe5+ Kxe5 38.Re1+ Be4 39.Bb5 Kd6 40.g4 Ke5 41.g5
f4 42.Bd3 1-0

[Event "Moscow Open 2009 B"]
[Site "www.moscowchessopen.ru"]
[Date "2009.02.02"]
[Round "3.46"]
[White "Elfert, Aleksandr V"]
[Black "Ivanets, Vladimir"]
[Result "1-0"]
[WhiteElo "2007"]
[BlackElo "2223"]
[Annotator ""]
[Source ""]
[Remark ""]

1.Nf3 b5 2.e4 Bb7 3.Bxb5 Bxe4 4.O-O a6 5.Ba4 e6 6.d4 Nf6 7.c4
Nc6 8.Nc3 Bxf3 9.gxf3 Be7 10.a3 O-O 11.b4 Nh5 12.f4 g6 13.Be3
Bf6 14.Ne4 Bg7 15.Nc5 Nb8 16.Nb7 Qh4 17.Qf3 Nc6 18.Rad1 Bh6 19.Nc5
Rad8 20.d5 exd5 21.cxd5 Nb8 22.Rd4 Bg7 23.Rc4 d6 24.Nb7 Rc8 25.Na5
f5 26.Rfc1 Rf7 27.b5 axb5 28.Bxb5 Bf8 29.a4 Nd7 30.Bxd7 Rxd7
31.Nc6 Bg7 32.a5 Ra8 33.a6 Rxa6 34.Nb8 Ra1 35.Rxa1 Bxa1 36.Nxd7
Qd8 37.Qd1 Bg7 38.Qa4 h6 39.f3 Kh7 40.Kg2 Qe7 41.Bf2 g5 42.Qa5
Qxd7 43.Rxc7 Nxf4+ 44.Kh1 Qe8 45.Qa7 Qg6 46.Bd4 1-0

[Event "Moscow Open 2009 B"]
[Site "www.moscowchessopen.ru"]
[Date "2009.02.02"]
[Round "3.47"]
[White "Pogosian, Georgy"]
[Black "Vavulin, Maksim"]
[Result "1-0"]
[WhiteElo "2219"]
[BlackElo "1857"]
[Annotator ""]
[Source ""]
[Remark ""]

1.Nf3 Nf6 2.g3 d5 3.Bg2 c5 4.O-O Nc6 5.d4 cxd4 6.Nxd4 e5 7.Nxc6
bxc6 8.c4 Be6 9.Nc3 h6 10.Qa4 Qd7 11.cxd5 cxd5 12.Qxd7+ Kxd7
13.Rd1 Kc6 14.Be3 e4 15.Rac1 Kb7 16.Bd4 Rc8 17.f3 exf3 18.Bxf3
Bc5 19.Kg2 Bxd4 20.Rxd4 Rc5 21.Rcd1 Kc6 22.R1d2 g5 23.Kf2 g4
24.Bg2 h5 25.Nd1 a5 26.Ne3 Rc8 27.a3 Kd6 28.Nxd5 Ke5 29.Nf4 Bf5
30.Ke3 Rb8 31.b4 axb4 32.axb4 Rc3+ 33.Nd3+ Bxd3 34.R2xd3 Rc2
35.Rf4 Rbc8 36.b5 R8c5 37.Rb4 Kf5 38.Kf2 Re5 39.Re3 Rxe3 40.Kxe3
Rc8 41.b6 Nd7 42.b7 Re8+ 43.Be4+ Kg5 44.Rb5+ Kh6 45.Kf4 Nb8 46.Rc5
Kg7 47.Rc8 Rf8 48.Kg5 f6+ 49.Kxh5 f5 50.Rxf8 Kxf8 51.Bxf5 1-0

[Event "Moscow Open 2009 B"]
[Site "www.moscowchessopen.ru"]
[Date "2009.02.02"]
[Round "3.48"]
[White "Martynenko, Alexey"]
[Black "Shmatkov, Mikhail"]
[Result "1-0"]
[WhiteElo "1968"]
[BlackElo "2219"]
[Annotator ""]
[Source ""]
[Remark ""]

1.e4 c5 2.c3 e5 3.Nf3 Nc6 4.Bc4 Be7 5.O-O Nf6 6.Re1 O-O 7.d4
cxd4 8.cxd4 exd4 9.Nxd4 d5 10.exd5 Na5 11.Bf1 Nxd5 12.Bd2 Bf6
13.Re4 Qb6 14.Nc3 Bxd4 15.Nxd5 Bxf2+ 16.Kh1 Qd8 17.Bb4 Be6 18.Ne7+
Kh8 19.Qxd8 Rfxd8 20.Bxa5 Rd7 21.Bb4 a5 22.Ba3 b5 23.Bxb5 Rd2
24.Re2 Rad8 25.Rf1 Bh4 26.Nc6 Rd1 27.Rxe6 Rxf1+ 28.Bxf1 fxe6
29.Nxd8 Bxd8 30.Bc4 1-0

[Event "Moscow Open 2009 B"]
[Site "www.moscowchessopen.ru"]
[Date "2009.02.02"]
[Round "3.52"]
[White "Zavialov, Vladimir"]
[Black "Kavalenia, Leonid"]
[Result "1-0"]
[WhiteElo "2157"]
[BlackElo "2295"]
[Annotator ""]
[Source ""]
[Remark ""]

1.d4 e6 2.Nf3 d5 3.Bf4 Nf6 4.e3 Bd6 5.Bd3 Bxf4 6.exf4 O-O 7.c3
c5 8.Nbd2 Qb6 9.Rb1 Nc6 10.dxc5 Qxc5 11.O-O Qd6 12.g3 Rd8 13.Qe2
b6 14.Nb3 Bb7 15.Nbd4 h6 16.Rfe1 a6 17.Rbd1 b5 18.a3 Na5 19.Bb1
Nc4 20.Ne5 Qb6 21.Qc2 Nd6 22.h3 a5 23.g4 b4 24.axb4 axb4 25.f3
bxc3 26.bxc3 Nb5 27.g5 hxg5 28.fxg5 Na3 29.Qf2 Nd7 30.Nxf7 Kxf7
31.Rxe6 Qc7 32.Bg6+ Kg8 33.Re7 Ra6 34.Bf7+ Kf8 35.Rde1 Qf4 36.g6
Qg5+ 37.Kh2 Qxe7 38.Rxe7 Kxe7 39.Qe3+ Kd6 40.Qe6+ Kc7 41.Qe7
Nc4 42.Ne6+ Rxe6 43.Bxe6 Nce5 44.Qxg7 Nxf3+ 45.Kg3 Ng5 46.Qe7
Ne4+ 47.Kh2 Nef6 48.g7 Ra8 49.h4 Bc6 50.h5 Nxh5 51.g8Q Rxg8 52.Bxg8
Nhf6 53.Be6 Ne4 54.Qa3 Nec5 55.Bf5 1-0

[Event "Moscow Open 2009 B"]
[Site "www.moscowchessopen.ru"]
[Date "2009.02.02"]
[Round "3.53"]
[White "Konenkin, Dmitry"]
[Black "Malyshev, Roman"]
[Result "1-0"]
[WhiteElo "2289"]
[BlackElo "2154"]
[Annotator ""]
[Source ""]
[Remark ""]

1.d4 d5 2.Bg5 h6 3.Bh4 c6 4.Qc1 Qb6 5.e3 e5 6.Nf3 e4 7.Nfd2 Ne7
8.c4 Nf5 9.Bg3 Nxg3 10.hxg3 Be6 11.Nc3 Be7 12.cxd5 cxd5 13.Bb5+
Nc6 14.Ndxe4 dxe4 15.d5 Bd7 16.dxc6 bxc6 17.Ba4 O-O 18.O-O f5
19.Ne2 Bf6 20.Bb3+ Kh7 21.Rd1 Rad8 22.Qc2 Bc8 23.Nf4 Rxd1+ 24.Rxd1
Rd8 25.Rxd8 Qxd8 26.Qxc6 Bxb2 27.Qg6+ Kh8 28.Qf7 Ba3 29.Ng6+
Kh7 30.Ne5 1-0

[Event "Moscow Open 2009 B"]
[Site "www.moscowchessopen.ru"]
[Date "2009.02.02"]
[Round "3.54"]
[White "Chapurin, A"]
[Black "Rosanov, Lev I"]
[Result "1-0"]
[WhiteElo "2280"]
[BlackElo "2129"]
[Annotator ""]
[Source ""]
[Remark ""]

1.c4 Nf6 2.Nc3 d6 3.g3 e5 4.Bg2 Nc6 5.Rb1 Be6 6.b4 d5 7.Qa4 Qd7
8.b5 Nd8 9.Nf3 Bd6 10.c5 Bxc5 11.Nxe5 Qe7 12.d4 Bd6 13.b6+ c6
14.Qxa7 Rc8 15.O-O O-O 16.f4 Bf5 17.e4 dxe4 18.Be3 Ne6 19.Qa4
Ra8 20.Qc2 Ra3 21.Nc4 Ra6 22.h3 h5 23.Rb2 Rfa8 24.Rf2 Ba3 25.Rb3
Nd5 26.Bxe4 Nxe3 27.Nxe3 Nxd4 28.Nxf5 Nxf5 29.Bxf5 Bc5 30.Kg2
Bxf2 31.Qxf2 Ra3 32.Bc2 R3a5 33.Bb1 Qf6 34.Ne4 Qe7 35.Qc2 Re8
36.Nf6+ Qxf6 37.Qh7+ Kf8 38.Qh8+ Ke7 39.Re3+ Kd6 40.Qxe8 Qb2+
41.Re2 Qxb1 42.Qe7+ Kd5 43.Qe5+ 1-0

[Event "Moscow Open 2009 B"]
[Site "www.moscowchessopen.ru"]
[Date "2009.02.02"]
[Round "3.55"]
[White "Bereznev, Andrey"]
[Black "Kirillov, Igor"]
[Result "1/2-1/2"]
[WhiteElo "2122"]
[BlackElo "2277"]
[Annotator ""]
[Source ""]
[Remark ""]

1.d4 Nf6 2.c4 c5 3.d5 b5 4.cxb5 a6 5.bxa6 g6 6.Nc3 Bxa6 7.e4
Bxf1 8.Kxf1 d6 9.Nf3 Nbd7 10.g3 Bg7 11.Kg2 O-O 12.Re1 Ra7 13.Nb5
Rb7 14.a4 Ne8 15.Qc2 Nc7 16.Nxc7 Qxc7 17.Nd2 Rfb8 18.Rb1 e6 19.dxe6
fxe6 20.b3 Ne5 21.Bb2 Nc6 22.Bxg7 Qxg7 23.Re3 g5 24.h3 Nd4 25.Qc3
Qf8 26.Rb2 h5 27.Rd3 g4 28.Rxd4 cxd4 29.Qxd4 Rb4 30.Qe3 Rxa4
31.Rc2 Rab4 32.Qg5+ Qg7 33.Qxh5 gxh3+ 34.Kxh3 Qh7 35.Qxh7+ Kxh7
36.f4 d5 37.exd5 exd5 38.Kg4 Re8 39.Kf3 d4 40.Rc7+ Kg8 41.Rd7
Re3+ 42.Kf2 Rd3 43.Ne4 Rbxb3 44.Nf6+ Kf8 45.Nh7+ Kg8 46.Nf6+
Kf8 1/2-1/2

[Event "Moscow Open 2009 B"]
[Site "www.moscowchessopen.ru"]
[Date "2009.02.02"]
[Round "3.56"]
[White "Pavlov, Aleksandr"]
[Black "Zhukovsky, Viacheslav"]
[Result "1-0"]
[WhiteElo "2274"]
[BlackElo "2115"]
[Annotator ""]
[Source ""]
[Remark ""]

1.d4 e6 2.c4 f5 3.g3 Nf6 4.Bg2 c6 5.Nf3 d5 6.O-O Bd6 7.b3 O-O
8.Qc2 Nbd7 9.cxd5 cxd5 10.Ba3 Bxa3 11.Nxa3 Qa5 12.Qb2 Ne4 13.Rac1
b5 14.b4 Qb6 15.Qc2 a5 16.Qb2 axb4 17.Nc2 Nd6 18.Nxb4 Nc4 19.Qb1
Bb7 20.Rc3 Ra4 21.Rfc1 Qa5 22.Rb3 h6 23.h4 Ra8 24.Bf1 Ra3 25.Rcc3
Rxb3 26.Rxb3 Ndb6 27.Qc1 Rc8 28.Qf4 Nd7 29.Ne1 Qb6 30.g4 fxg4
31.Qxg4 Nf8 32.Rg3 Qc7 33.Ned3 Nd6 34.Nc5 Qe7 35.Re3 Ne4 36.Nbd3
Ra8 37.Nxe4 dxe4 38.Nc5 Bd5 39.a3 Qf6 40.Nxe4 Qxd4 41.Bg2 Ra4
42.Kh2 Nd7 43.Qg6 Qe5+ 44.Qg3 Qf5 45.Bh3 Qf8 46.Nc3 Rf4 47.Nxd5
Rxf2+ 48.Kg1 1-0

[Event "Moscow Open 2009 B"]
[Site "www.moscowchessopen.ru"]
[Date "2009.02.02"]
[Round "3.57"]
[White "Lozbenev, Pavel"]
[Black "Volkov, Anton"]
[Result "1-0"]
[WhiteElo "2095"]
[BlackElo "2268"]
[Annotator ""]
[Source ""]
[Remark ""]

1.d4 Nf6 2.c4 g6 3.Nc3 Bg7 4.e4 O-O 5.Nf3 d6 6.Be2 Nc6 7.O-O
e5 8.d5 Ne7 9.b4 a5 10.bxa5 Rxa5 11.a4 Nd7 12.Ba3 f5 13.Bb4 Ra8
14.Ng5 Nf6 15.c5 Ne8 16.Nb5 Bf6 17.cxd6 Bxg5 18.Nxc7 Nxd6 19.Nxa8
fxe4 20.Bc5 Nef5 21.Nb6 e3 22.Nc4 exf2+ 23.Rxf2 Ne4 24.Bxf8 Nxf2
25.Kxf2 Qxf8 26.Kg1 Nd6 27.Nxd6 Qxd6 28.Kh1 Bf4 29.Bg4 Bxg4 30.Qxg4
Qxd5 31.Rd1 Qe4 32.Qe6+ Kg7 33.Qe7+ 1-0

[Event "Moscow Open 2009 B"]
[Site "www.moscowchessopen.ru"]
[Date "2009.02.02"]
[Round "3.58"]
[White "Musaev, Mansur"]
[Black "Khatoev, Eduard"]
[Result "1-0"]
[WhiteElo "2266"]
[BlackElo "2120"]
[Annotator ""]
[Source ""]
[Remark ""]

1.e4 c5 2.Nf3 e6 3.Nc3 a6 4.g3 b5 5.Bg2 Bb7 6.d3 Nc6 7.O-O d6
8.Ng5 h6 9.Nh3 Nf6 10.f4 Be7 11.Bd2 Qb6 12.Kh1 b4 13.Ne2 d5 14.e5
Nd7 15.g4 g5 16.c3 gxf4 17.cxb4 cxb4 18.Nexf4 Ncxe5 19.Rc1 Rg8
20.Nf2 d4 21.Qe2 Bh4 22.h3 h5 23.Nxh5 Bxg2+ 24.Kxg2 f5 25.Kh2
Qb7 26.Nh1 fxg4 27.Bf4 Qd5 28.Bxe5 Nxe5 29.N1g3 Nf3+ 30.Kh1 Nd2+
31.Ne4 Nxf1 32.Rc5 Qb7 33.Qxf1 g3 34.Kg1 Be7 35.Nhf6+ Bxf6 36.Nd6+
Ke7 37.Nxb7 Raf8 38.Rc7+ Ke8 39.Qf3 Rf7 1-0

[Event "Moscow Open 2009 B"]
[Site "www.moscowchessopen.ru"]
[Date "2009.02.02"]
[Round "3.59"]
[White "Kurnaev, Vladimir"]
[Black "Muromtsev, Arthur"]
[Result "0-1"]
[WhiteElo "2063"]
[BlackElo "2259"]
[Annotator ""]
[Source ""]
[Remark ""]

1.d4 Nf6 2.c4 c5 3.d5 b5 4.cxb5 a6 5.Nc3 axb5 6.Nxb5 Ba6 7.Nc3
d6 8.g3 g6 9.Bg2 Bg7 10.Nf3 Nbd7 11.O-O Nb6 12.Re1 O-O 13.e4
Nfd7 14.Qc2 Nc4 15.b3 Qa5 16.bxc4 Qxc3 17.Qa4 Nb6 18.Qc6 Qxa1
19.Qxb6 Qxa2 20.Bd2 Bxc4 21.e5 Bxd5 22.exd6 exd6 23.Bf4 Rab8
24.Qxd6 Rb1 25.Qxd5 Qxd5 26.Rxb1 Qa2 27.Nd2 Bc3 28.Rd1 Rd8 29.Be3
Bxd2 30.Bxc5 Qc2 31.Rxd2 Rxd2 32.Be3 Rd1+ 0-1

[Event "Moscow Open 2009 B"]
[Site "www.moscowchessopen.ru"]
[Date "2009.02.02"]
[Round "3.60"]
[White "Andreev, Viktor"]
[Black "Buvaltsev, Andrey"]
[Result "1-0"]
[WhiteElo "2258"]
[BlackElo "2110"]
[Annotator ""]
[Source ""]
[Remark ""]

1.e4 e6 2.Qe2 c5 3.Nf3 Nc6 4.c3 g6 5.g3 d6 6.Bg2 Bg7 7.O-O Nge7
8.Rd1 O-O 9.d4 cxd4 10.cxd4 d5 11.e5 Kh8 12.Nc3 a6 13.Bf4 b5
14.Qd2 Ng8 15.h4 h5 16.Rac1 Qb6 17.Qc2 Bd7 18.Bh3 Rfc8 19.Ng5
Be8 20.Qd3 Nce7 21.g4 hxg4 22.Bxg4 Nh6 23.Qh3 Rc4 24.Ne2 Nxg4
25.Qxg4 Rac8 26.h5 Nf5 27.Qh3 Kg8 28.hxg6 fxg6 29.Qh7+ Kf8 30.Qh3
Bf7 31.Rc3 b4 32.Rf3 Ke7 33.Qg4 Rh8 34.Be3 Rh4 35.Qxh4 Nxh4 36.Rxf7+
Ke8 37.Rxg7 Nf5 38.Rxg6 Rc6 39.Nf4 Qa5 40.Ngxe6 Qa4 41.Rf1 Rc2
42.Nxd5 Qxa2 43.Nxb4 Qxb2 44.Nxc2 Qxc2 45.Rf6 Qe4 46.Rc1 Qg4+
47.Kf1 Qh3+ 48.Ke1 Ne7 49.Rc7 1-0

[Event "Moscow Open 2009 B"]
[Site "www.moscowchessopen.ru"]
[Date "2009.02.02"]
[Round "3.61"]
[White "Kochetkov, Victor N"]
[Black "Tarasova, Viktoriya"]
[Result "0-1"]
[WhiteElo "2048"]
[BlackElo "2257"]
[Annotator ""]
[Source ""]
[Remark ""]

1.Nc3 Nf6 2.d4 d5 3.Nf3 e6 4.Bg5 h6 5.Bh4 c5 6.e3 a6 7.Be2 Nc6
8.O-O Be7 9.Na4 c4 10.a3 b5 11.Nc3 Rb8 12.Ne5 Nxe5 13.dxe5 Nd7
14.Bxe7 Qxe7 15.f4 O-O 16.Kh1 f6 17.f5 Nxe5 18.fxe6 Bxe6 19.Nxd5
Qc5 20.Nf4 Bf5 21.Qd4 Qc8 22.Nd5 Nc6 23.Qc5 Be4 24.Bf3 Bxf3 25.gxf3
Kh7 26.Rg1 Qb7 27.Rg3 Rbc8 28.Rag1 Rf7 29.Qd6 Rd8 30.Qe6 Nd4
31.exd4 Rxd5 32.c3 Re7 33.Qh3 g5 34.Qg2 Qd7 35.h4 gxh4 36.Rg4
Rg5 37.Qh3 Qf5 38.f4 Qe4+ 39.Qg2 Rxg4 40.Qxe4+ Rxe4 41.Rxg4 f5
42.Rg2 Rxf4 43.Kh2 Rg4 44.Rd2 Kg6 45.d5 Kf7 46.d6 Ke8 47.Kh3
Kd7 48.Rd5 Rg3+ 49.Kxh4 Rg2 50.Rxf5 Rxb2 51.Rf7+ Kxd6 52.Rf6+
Kc5 53.Rxa6 Rb3 54.a4 Rxc3 55.axb5 Kxb5 56.Rxh6 Re3 57.Kg4 c3
58.Kf4 Re7 0-1

[Event "Moscow Open 2009 B"]
[Site "www.moscowchessopen.ru"]
[Date "2009.02.02"]
[Round "3.62"]
[White "Cherny, Oleg"]
[Black "Bazarov, Konstantin"]
[Result "0-1"]
[WhiteElo "2043"]
[BlackElo "2256"]
[Annotator ""]
[Source ""]
[Remark ""]

1.d4 Nf6 2.Nf3 c5 3.d5 d6 4.Nc3 g6 5.e4 Bg4 6.Be2 Nbd7 7.O-O
Bg7 8.Be3 O-O 9.a4 a6 10.h3 Bxf3 11.Bxf3 Qc7 12.Qd2 b6 13.Be2
c4 14.f4 Rab8 15.Bf3 Nc5 16.Bd4 b5 17.axb5 axb5 18.Qe3 Nfd7 19.Bxg7
Kxg7 20.Qd4+ Kg8 21.Ne2 Ra8 22.Rad1 Ra2 23.f5 Ne5 24.Nc1 Ra4
25.Qe3 Rb8 26.Ne2 Ncd7 27.fxg6 hxg6 28.Qg5 Nf6 29.Nf4 Nh7 30.Qg3
Qd8 31.h4 Kh8 32.Nh3 Qg8 33.Ng5 Qg7 34.Rd2 f6 35.Ne6 Qf7 36.Rdf2
Rg8 37.Nd4 b4 38.Nc6 Nxc6 39.dxc6 Qe6 40.Qg4 0-1

[Event "Moscow Open 2009 B"]
[Site "www.moscowchessopen.ru"]
[Date "2009.02.02"]
[Round "3.63"]
[White "Merezhko, Igor"]
[Black "Bykov, Evgeny"]
[Result "1-0"]
[WhiteElo "2254"]
[BlackElo "2090"]
[Annotator ""]
[Source ""]
[Remark ""]

1.e4 e5 2.Nf3 Nc6 3.Bb5 a6 4.Bxc6 dxc6 5.O-O Bg4 6.h3 h5 7.d3
Qf6 8.Be3 Ne7 9.Nbd2 Bd7 10.d4 Ng6 11.Nc4 exd4 12.Bxd4 Qe6 13.Nce5
Nxe5 14.Nxe5 O-O-O 15.Qe2 Be8 16.Bc3 f6 17.Nf3 c5 18.Rad1 Bd6
19.Rfe1 Bc6 20.Nh4 Rde8 21.Nf5 Qxe4 22.Qxe4 Rxe4 23.Rxe4 Bxe4
24.Nxg7 Rg8 25.Bxf6 b5 26.c3 Be7 27.Be5 Bd6 28.Bf6 Be7 29.Nxh5
Bxg2 30.Ng3 Bf3 31.Rd3 Be4 32.Re3 Bxf6 33.Rxe4 Kd7 34.Kg2 c4
35.f4 a5 36.f5 a4 37.a3 Bg5 38.Rg4 Rg7 39.Nh5 Re7 40.Rxg5 Re2+
41.Kf3 Rxb2 42.Nf6+ Kd6 43.Ne4+ Ke7 44.f6+ Kf8 1-0

[Event "Moscow Open 2009 B"]
[Site "www.moscowchessopen.ru"]
[Date "2009.02.02"]
[Round "3.64"]
[White "Bolshakov, Dmitry"]
[Black "Kharlamov, Igor"]
[Result "0-1"]
[WhiteElo "2217"]
[BlackElo "2088"]
[Annotator ""]
[Source ""]
[Remark ""]

1.e4 c5 2.Nf3 d6 3.d4 cxd4 4.Nxd4 Nf6 5.Nc3 Nc6 6.Bc4 e6 7.Bb3
Be7 8.O-O O-O 9.Be3 Bd7 10.Ndb5 Qb8 11.Bg5 a6 12.Nd4 b5 13.Nxc6
Bxc6 14.f3 b4 15.Ne2 Bb5 16.Re1 Qa7+ 17.Qd4 Qc7 18.Be3 Bxe2 19.Rxe2
a5 20.Ba4 d5 21.e5 Nd7 22.f4 Nc5 23.Bb5 Ne4 24.Qd1 Bc5 25.Bd3
Qb6 26.Qe1 Bxe3+ 27.Rxe3 Nc5 28.Kh1 Nxd3 29.Rxd3 Rac8 30.Qd2
Rc4 31.c3 Rfc8 32.f5 bxc3 33.bxc3 Qc7 34.Re1 Rxc3 35.f6 Rc1 36.h3
Rxe1+ 37.Qxe1 Qc1 38.Rd1 Qg5 39.fxg7 Rc2 40.Qf1 Rxa2 41.Ra1 Rc2
42.Qf3 Rc1+ 43.Rxc1 Qxc1+ 44.Kh2 Qg5 45.Qc3 a4 46.Kh1 Kxg7 47.Qa1
Qf4 48.Qc3 Qe4 49.Qg3+ Qg6 50.Qc3 Qg5 51.Qa1 Qf4 52.Qc3 Qe4 53.Kg1
Qe2 0-1

[Event "Moscow Open 2009 B"]
[Site "www.moscowchessopen.ru"]
[Date "2009.02.02"]
[Round "3.65"]
[White "Shamugia, Shavleg"]
[Black "Rossal, Valeriy I"]
[Result "1-0"]
[WhiteElo "2215"]
[BlackElo "2080"]
[Annotator ""]
[Source ""]
[Remark ""]

1.d4 Nf6 2.Nf3 g6 3.Bg5 Bg7 4.Nbd2 d5 5.e3 Bg4 6.h3 Bxf3 7.Nxf3
Nbd7 8.Be2 c6 9.O-O O-O 10.c4 dxc4 11.Bxc4 Ne4 12.Bf4 Qa5 13.Qb3
e5 14.Qxb7 Nd6 15.Qxd7 Nxc4 16.Nxe5 Nxe5 17.dxe5 Qb5 18.e6 fxe6
19.Qxe6+ Kh8 20.Rac1 Qxb2 21.Rxc6 Rae8 22.Qc4 Rd8 23.a4 Rd2 24.Rc8
Qf6 25.Rxf8+ Qxf8 26.Rb1 Rd8 27.Qc7 Rc8 28.Qxa7 g5 29.Bg3 1-0

[Event "Moscow Open 2009 B"]
[Site "www.moscowchessopen.ru"]
[Date "2009.02.02"]
[Round "3.66"]
[White "Subbotin, Andrey"]
[Black "Yakimov, S Y"]
[Result "0-1"]
[WhiteElo "2043"]
[BlackElo "2212"]
[Annotator ""]
[Source ""]
[Remark ""]

1.Nf3 d5 2.d4 c6 3.Bf4 Qb6 4.b3 Bf5 5.e3 Nf6 6.Bd3 Bg6 7.h3 e6
8.O-O Nbd7 9.Nbd2 Be7 10.Qe2 O-O 11.Bxg6 hxg6 12.e4 Nxe4 13.Nxe4
dxe4 14.Qxe4 Nf6 15.Qe2 c5 16.dxc5 Bxc5 17.c4 Rfd8 18.Rad1 a5
19.Be3 Bxe3 20.Qxe3 Qxe3 21.fxe3 Kf8 22.Rd4 Ke7 23.Ne5 Rxd4 24.exd4
Rd8 25.Nf3 Ne4 26.Re1 f5 27.Kf1 g5 28.Ke2 Kf6 29.Kd3 Ng3 30.Rd1
f4 31.a3 Nf5 32.Re1 Nxd4 33.Nxd4 e5 34.Re4 exd4 35.Rxd4 Rxd4+
36.Kxd4 Kf5 37.Kc5 g4 38.hxg4+ Kxg4 39.Kb6 Kg3 40.c5 Kxg2 41.Kxb7
f3 42.c6 f2 43.c7 f1Q 44.c8Q Qb5+ 45.Ka7 g5 46.Qc4 Qd7+ 47.Ka6
g4 48.Qe2+ Kh3 49.Qe3+ g3 50.Qh6+ Kg2 0-1

[Event "Moscow Open 2009 B"]
[Site "www.moscowchessopen.ru"]
[Date "2009.02.02"]
[Round "3.68"]
[White "Trusov, Mikhail"]
[Black "Borodin, Stanislav"]
[Result "1/2-1/2"]
[WhiteElo "2191"]
[BlackElo "2077"]
[Annotator ""]
[Source ""]
[Remark ""]

1.e4 c6 2.d4 d5 3.Nc3 dxe4 4.Nxe4 Nd7 5.Ng5 Ngf6 6.Bd3 e6 7.N1f3
Bd6 8.Qe2 h6 9.Ne4 Nxe4 10.Qxe4 Nf6 11.Qe2 Qc7 12.Ne5 a6 13.Bd2
b5 14.O-O Bb7 15.Rfe1 O-O 16.c3 c5 17.Qe3 Kh8 18.Qh3 Ng8 19.Ng4
Bf4 20.Bxf4 Qxf4 21.dxc5 Rad8 22.Ne5 Ne7 23.b4 f6 24.Ng6+ Nxg6
25.Bxg6 Rd2 26.Qg3 Qc4 27.h3 f5 28.Red1 Qd5 29.Rxd2 Qxd2 30.Qd6
Qxd6 31.cxd6 Rd8 32.Rd1 Bd5 33.Bxf5 Rxd6 34.Bxe6 Rxe6 35.Rxd5
Re1+ 36.Kh2 Re2 37.Kg3 Rxa2 38.Rd7 Ra3 39.Rc7 a5 40.Kf4 axb4
41.cxb4 Rb3 42.Kf5 Kh7 43.f4 Rxb4 44.g4 Rd4 45.h4 Rc4 46.Rb7
Rc5+ 47.Ke6 Rc4 48.Ke5 Rc5+ 49.Kd4 Rc4+ 50.Ke3 Rc3+ 51.Ke4 Rc4+ 1/2-1/2

[Event "Moscow Open 2009 B"]
[Site "www.moscowchessopen.ru"]
[Date "2009.02.02"]
[Round "3.69"]
[White "Kondratiev, Vissarion L"]
[Black "Zarivkina, Victorya"]
[Result "0-1"]
[WhiteElo "2188"]
[BlackElo "2058"]
[Annotator ""]
[Source ""]
[Remark ""]

1.e4 g6 2.d4 Bg7 3.Nc3 d6 4.Bg5 h6 5.Be3 Nf6 6.f3 c6 7.Qd2 Nbd7
8.O-O-O Qc7 9.h3 b5 10.Kb1 b4 11.Nce2 a5 12.Nc1 Nb6 13.g4 Rb8
14.h4 Nfd7 15.Nb3 Na4 16.f4 c5 17.Qd3 Ndb6 18.dxc5 dxc5 19.Nxa5
Nxb2 20.Qb5+ Kf8 0-1

[Event "Moscow Open 2009 B"]
[Site "www.moscowchessopen.ru"]
[Date "2009.02.02"]
[Round "3.71"]
[White "Medvedev, Vladimir"]
[Black "Grigoriev, Semyon"]
[Result "0-1"]
[WhiteElo "2182"]
[BlackElo "2161"]
[Annotator ""]
[Source ""]
[Remark ""]

1.e4 e5 2.Nf3 Nf6 3.Nc3 Nc6 4.d4 exd4 5.Nxd4 Bb4 6.Nxc6 bxc6
7.Bd3 d6 8.O-O h6 9.Ne2 O-O 10.Ng3 Re8 11.Bd2 Bc5 12.b4 Bd4 13.c3
Bb6 14.a4 Ng4 15.Be2 Qh4 16.Bxg4 Bxg4 17.Qc1 a5 18.Be3 d5 19.Bxb6
cxb6 20.exd5 cxd5 21.Qd2 Be6 22.f4 axb4 23.cxb4 Qf6 24.f5 Bd7
25.a5 bxa5 26.bxa5 Bb5 27.Rfe1 Bc4 28.Rac1 Rxe1+ 29.Rxe1 Rb8
30.Qf4 Rb2 31.h4 Qc3 32.Re8+ Kh7 33.Qg4 Bb5 34.Re7 Qc5+ 35.Kh2
Qxe7 0-1

[Event "Moscow Open 2009 B"]
[Site "www.moscowchessopen.ru"]
[Date "2009.02.02"]
[Round "3.72"]
[White "Radomsky, Viacheslav G"]
[Black "Abdrakhmanov, Ramiss"]
[Result "1/2-1/2"]
[WhiteElo "2175"]
[BlackElo "1863"]
[Annotator ""]
[Source ""]
[Remark ""]

1.Nf3 Nf6 2.c4 e6 3.g3 b6 4.Bg2 Bb7 5.O-O c5 6.Nc3 Be7 7.d4 cxd4
8.Nxd4 Bxg2 9.Kxg2 O-O 10.e4 d6 11.Be3 a6 12.Qe2 Qc7 13.Rac1
Nbd7 14.f3 Rac8 15.b3 Qb7 16.Rfd1 Rfe8 17.Qf2 Bf8 18.g4 Ne5 19.g5
Nfd7 20.Bf4 Nc5 21.Bxe5 dxe5 22.Nc2 Red8 23.Qe2 Be7 24.h4 Nd7
25.Ne3 Nf8 26.Kh3 Ng6 27.Ng2 Bb4 28.Kg4 Rd4 29.h5 1/2-1/2

[Event "Moscow Open 2009 B"]
[Site "www.moscowchessopen.ru"]
[Date "2009.02.02"]
[Round "3.73"]
[White "Nikologorskiy, Konstantin"]
[Black "Ramazashvili, Rainer"]
[Result "1/2-1/2"]
[WhiteElo "2168"]
[BlackElo "1841"]
[Annotator ""]
[Source ""]
[Remark ""]

1.c4 e6 2.Nc3 Nf6 3.e4 d6 4.d4 b6 5.Bg5 Be7 6.f4 Bb7 7.d5 Nbd7
8.g3 h6 9.Bxf6 Bxf6 10.Nge2 O-O 11.Bg2 Re8 12.O-O Nc5 13.b4 Nd7
14.e5 dxe5 15.dxe6 Bxg2 16.Qxd7 Rxe6 17.Qxd8+ Rxd8 18.Kxg2 exf4
19.gxf4 Rd2 20.Rf2 1/2-1/2